000
00243nam a22001217a 4500
008
171220b xxu||||| |||| 00| 0 eng d
041
_a
eng
080
_a
611
100
_a
7
101
_a
ANA
245
_a
PATHOLOGY
_c
USMLE
942
_2
udc
_c
BK
999
_c
39193
_d
39193